Szczegóły MARC21

Critical occasions : Dryden, Pope, Johnson, and the history of criticism /

005 -DATA I CZAS OSTATNIEJ MODYFIKACJI [,]
    • @
    • pole kontrolne
    • 20140428110456.0
020 -Międzynarod. znormalizowany nr książki - ISBN [ , ]
    • a
    • Numer ISBN
    • 9780404648657 Find
020 -Międzynarod. znormalizowany nr książki - ISBN [ , ]
    • a
    • Numer ISBN
    • 0404648657 Find
040 -Instytucja sporządzająca opis [ , ]
    • a
    • Instytucja, która sporządziła opis (NP)
    • SZCZ U/DL
    • c
    • Instytucja, która sporządziła rekord (NP)
    • SZCZ U/DL
    • d
    • Instytucja, która zmodyfikowała rekord (P)
    • SZCZ U/ML
041 -Język dokumentu [0, ]
    • a
    • Język tekstu (P)
    • angielski
044 -Kraj miejsca wydania [ , ]
    • a
    • Kraj miejsca wydania
    • USA
942 -Rodzaj dokumentu [ , ]
    • c
    • Rodzaj dokumentu
    • Książka
100 -Hasło główne - nazwa osobowa [1, ]
    • 9
    • KHW
    • 70082
    • a
    • Nazwa osobowa (NP)
    • Smallwood, Philip.
245 -Strefa tytułu i oznaczenia odpowiedzialności [1,0]
    • a
    • Tytuł
    • Critical occasions : Find
    • b
    • Ciąg dalszy tytułu (NP)
    • Dryden, Pope, Johnson, and the history of criticism / Find
    • c
    • Pozostałe elementy strefy tytułu i oznaczenia odpowiedzialności (NP)
    • Philip Smallwood.
260 -Strefa adresu wydawniczego [ , ]
    • a
    • Miejsce wydania (P)
    • New York :
    • b
    • Nazwa wydawcy (P)
    • AMS Press,
    • c
    • Data wydania (P)
    • cop. 2011.
300 -Strefa opisu fizycznego [ , ]
    • a
    • Określenie formy książki i/lub objętość (NP)
    • XI, 169 s. :
    • b
    • Oznaczenie ilustracji (NP)
    • il. ;
    • c
    • Format (NP)
    • 24 cm.
490 -Strefa serii i książki wielotomowej - forma nie do wyszukiwania [1, ]
    • a
    • Tytuł (P)
    • AMS Studies in the Eighteenth Century Find
    • v
    • Numeracja (P)
    • No. 65
    • x
    • ISSN (NP)
    • 0196-6561
830 -Hasło dodatkowe serii i opisu książki wielotomowej - tytuł ujednolicony/tytuł [ ,0]
    • 9
    • KHW
    • 70084
    • a
    • Tytuł ujednolicony/tytuł (NP)
    • AMS Studies in the Eighteenth Century
    • v
    • Oznaczenie tomu (NP)
    • No. 65
    • x
    • ISSN
    • 0196-6561
504 -Uwaga dot. bibliogr. załącznikowej [ , ]
    • a
    • Uwaga dot. bibliografii załącznikowej
    • Bibliogr. s. 153-164. Indeks.
080 -Uniwersalna Klasyfikacja Dziesiętna [ , ]
    • 2
    • Identyfikator wydania tablic
    • UDC-P058
    • 9
    • UKD
    • 6630
    • a
    • Symbol klasyfikacji
    • 82.09
    • b
    • Dopowiedzenie
    • Krytyka literacka. Teoria i zasady krytyki.
    • 4
    • UKD2
    • 8761
    • x
    • Poddział wspólny
    • "16/17"
    • c
    • Dopowiedzenie poddz. wspólnego
    • Wiek XVII/XVIII.
    • 4
    • UKD2
    • 7644
    • x
    • Poddział wspólny
    • =111
    • c
    • Dopowiedzenie poddz. wspólnego
    • =Język angielski.
980 -Symbol UKD [ , ]
    • a
    • UKD
    • 82.09"16/17"=111
710 -Hasło dodatkowe - nazwa ciała zbiorowego [2, ]
    • 4
    • Kod relacji
    • pbl
    • 9
    • KHW
    • 642540
    • a
    • Nazwa ciała zbiorowego lub nazwa geograficzna jako pierwszy element (NP)
    • AMS Press.
920 -ISBN [ , ]
    • a
    • ISBN
    • 978-0-404-64865-7 Find
920 -ISBN [ , ]
    • a
    • ISBN
    • 0-404-64865-7 Find
Obwoluta Numer inwentarzowy Lokalizacja Data inwentaryzacji Sygnatura Status udost.
1A.9364BM2014-02-10ANG. Literatura angielska 721